000 01018cam a2200193 4500
001 ##L135613
008 061116n 000 0 eng u
035 _a(Sirsi) u135613
041 0 _aeng
110 2 _aScottish Environment Protection Agency
_93523
245 0 0 _aIndicative river and coastal flood map (Scotland)
520 _aThe Scottish flood map has been developed to show areas that may be affected by flooding from either rivers or the sea. It presents an estimate of the areas of Scotland with a 0.5% or greater probability of being flooded in any given year. Searches by place name or post code are possible and flood defence information is available. The website also has links to flood protection information.
590 _aKA
650 2 4 _aFLOODING
651 2 4 _aScotland
_y1999-
690 _aENVIRONMENTAL AND LAND CONSULTANCY-WATER RESOURCE MANAGEMENT-FLOODING
856 4 0 _uhttps://www.sepa.org.uk/flooding/mapping/index.htm
_zView the website free of charge at www.sepa.org.uk...
942 _n0
999 _c120541
_d120541